000 00318nam a22001337a 4500
008 180216b xxu||||| |||| 00| 0 eng d
020 _a9781890871871
041 _aeng
080 _210th
_a070
100 _a40
101 _aMED
245 _aVideo production disciplines and techniques
_cGross,L.S
942 _2udc
_cBK
999 _c42788
_d42788